[Event "GER-chT Lands U20"]
[Site "Hannover"]
[Date "2017.10.02"]
[Round "4.3"]
[White "Schulze, Lara"]
[Black "Zienert, Richard"]
[Result "1/2-1/2"]
[WhiteElo "2106"]
[BlackElo "2201"]
[PlyCount "99"]
[EventDate "2017.09.29"]
[EventType "team-swiss"]
[EventRounds "7"]
[EventCountry "GER"]
[SourceTitle "EXT 2018"]
[Source "ChessBase"]
[SourceDate "2017.10.13"]
[SourceVersion "1"]
[SourceVersionDate "2017.10.13"]
[SourceQuality "1"]
[WhiteTeam "Niedersachsen U20"]
[BlackTeam "Sachsen U20"]
[WhiteTeamCountry "GER"]
[BlackTeamCountry "GER"]

1. e4 c6 2. d4 d5 3. e5 Bf5 4. Nf3 e6 5. Be2 Nd7 6. 0-0 h6 7. Nbd2 Ne7 8. Nb3 g5 9. Be3 Bg6 10. Nfd2 Nf5 11. c4 Nb6 12. a4 dxc4 13. Nxc4 Nd5 14. a5 Qd7 15. g4 Nfxe3 16. fxe3 0-0-0 17. Nc5 Qc7 18. Qb3 h5 19. gxh5 Bxh5 20. Bxh5 Rxh5 21. Rf2 Rh3 22. Re1 g4 23. Ne4 f5 24. exf6 Bb4 25. Ree2 Qh7 26. Qc2 Qh6 27. Ng3 Rh8 28. Qe4 Kb8 29. f7 Ka8 30. Qxg4 Nf6 31. Qf3 Nh5 32. Rg2 Qh7 33. e4 Qh6 34. Ne3 Nf4 35. Ng4 Nxe2+ 36. Qxe2 Qf8 37. Ne5 Qd6 38. Nf5 Qd8 39. Ng6 exf5 40. Nxh8 Qxd4+ 41. Kh1 Rxh8 42. Rg8+ Bf8 43. Rxh8 Qxh8 44. exf5 a6 45. Qe8+ Ka7 46. Qd8 Qh6 47. Qb6+ Kb8 48. Qd8+ Ka7 49. Qb6+ Kb8 50. Qd8+ 1/2-1/2

[Event "GER-ch U16"]
[Site "Willingen"]
[Date "2017.06.07"]
[Round "6"]
[White "Zienert, Richard"]
[Black "Roseneck, Jonas"]
[Result "1/2-1/2"]
[WhiteElo "2170"]
[BlackElo "2123"]
[PlyCount "75"]
[EventDate "2017.06.04"]
[EventType "swiss"]
[EventRounds "9"]
[EventCountry "GER"]
[SourceTitle "CBM 178 Extra"]
[Source "ChessBase"]
[SourceDate "2017.06.22"]
[SourceVersion "1"]
[SourceVersionDate "2017.06.22"]
[SourceQuality "1"]

1. e4 c5 2. Nf3 d6 3. d4 cxd4 4. Nxd4 Nf6 5. Nc3 Nc6 6. Bg5 e6 7. Qd2 a6 8. 0-0-0 Bd7 9. f4 b5 10. Bxf6 gxf6 11. Nxc6 Bxc6 12. Bd3 Qb6 13. Kb1 0-0-0 14. Rhf1 Kb8 15. f5 Be7 16. Qh6 b4 17. Ne2 e5 18. c4 bxc3 19. Nxc3 d5 20. exd5 Bxd5 21. Nxd5 Rxd5 22. Bc4 Rd4 23. Bxf7 Rhd8 24. Bb3 Rxd1+ 25. Rxd1 Rxd1+ 26. Bxd1 Qd4 27. Qh5 Kc7 28. a3 e4 29. Qe2 Bd6 30. Qc2+ Kd8 31. g3 Be5 32. Be2 a5 33. Ka2 Ke7 34. Qb3 Kf8 35. Bh5 Kg7 36. h4 a4 37. Qb7+ Kh6 38. Be2 1/2-1/2

[Event "GER-chT Lands U20"]
[Site "Hannover"]
[Date "2016.10.04"]
[Round "6.2"]
[White "Zienert, Richard"]
[Black "Biastoch, Bennet"]
[Result "1-0"]
[WhiteElo "2133"]
[BlackElo "2070"]
[PlyCount "73"]
[EventDate "2016.10.01"]
[EventType "team-swiss"]
[EventRounds "7"]
[EventCountry "GER"]
[SourceTitle "CBM 174 Extra"]
[Source "ChessBase"]
[SourceDate "2016.10.10"]
[SourceVersion "1"]
[SourceVersionDate "2016.10.10"]
[SourceQuality "1"]
[WhiteTeam "Sachsen"]
[BlackTeam "Sachsen Anhalt"]
[WhiteTeamCountry "GER"]
[BlackTeamCountry "GER"]

1. d4 d5 2. Nf3 Nf6 3. g3 e6 4. Bg2 Be7 5. c4 c5 6. cxd5 Nxd5 7. 0-0 0-0 8. Nc3 Nc6 9. Nxd5 Qxd5 10. Be3 Qh5 11. dxc5 e5 12. a3 Be6 13. b4 a6 14. h4 h6 15. Nh2 Rad8 16. Qe1 f5 17. Rd1 f4 18. Rxd8 Bxd8 19. Bc1 g5 20. hxg5 hxg5 21. Bb2 Kf7 22. g4 Qh6 23. Qd2 Rh8 24. Nf3 Bxg4 25. Bxe5 Rh7 26. Rd1 Be6 27. a4 Be7 28. Bc7 Bh3 29. Qd5+ Be6 30. Qe4 Qg6 31. Qxg6+ Kxg6 32. Ne5+ Nxe5 33. Bxe5 Kf5 34. Bc3 a5 35. Rb1 axb4 36. Rxb4 Kg4 37. Rxb7 1-0

[Event "GER-chT Lands U20"]
[Site "Hannover"]
[Date "2016.10.03"]
[Round "5.2"]
[White "Zienert, Richard"]
[Black "Keller, Peter1111"]
[Result "1/2-1/2"]
[WhiteElo "2133"]
[BlackElo "2226"]
[PlyCount "91"]
[EventDate "2016.10.01"]
[EventType "team-swiss"]
[EventRounds "7"]
[EventCountry "GER"]
[SourceTitle "CBM 174 Extra"]
[Source "ChessBase"]
[SourceDate "2016.10.10"]
[SourceVersion "1"]
[SourceVersionDate "2016.10.10"]
[SourceQuality "1"]
[WhiteTeam "Sachsen"]
[BlackTeam "Hessen"]
[WhiteTeamCountry "GER"]
[BlackTeamCountry "GER"]

1. e4 e5 2. Nf3 Nc6 3. Bb5 Nf6 4. 0-0 Nxe4 5. d4 Nd6 6. Bxc6 dxc6 7. dxe5 Nf5 8. Qxd8+ Kxd8 9. Nc3 Bd7 10. h3 b6 11. Ne4 h6 12. b3 Kc8 13. Bb2 c5 14. Rad1 a5 15. Rd2 Be6 16. Rfd1 Be7 17. g4 Nh4 18. Nxh4 Bxh4 19. f4 g6 20. Rf1 Rg8 21. Kh2 Bd7 22. g5 hxg5 23. Nf6 Rd8 24. Rfd1 gxf4 25. Nxd7 f3 26. Nf6 Rxd2+ 27. Rxd2 a4 28. Ne4 axb3 29. axb3 Be1 30. Rd1 f2 31. Kg2 Ra2 32. Rb1 c4 33. bxc4 Ra4 34. Nxf2 Bxf2 35. Kxf2 Rxc4 36. c3 Rh4 37. Rh1 Kd7 38. Kg3 Re4 39. Rf1 Ke7 40. c4 Rxc4 41. Rc1 Rxc1 42. Bxc1 Ke6 43. Kf4 Kd5 44. Kg5 Ke6 45. Be3 c5 46. Kf4 1/2-1/2

[Event "GER-chT Lands U20"]
[Site "Hannover"]
[Date "2016.10.02"]
[Round "3.2"]
[White "Ravina, David"]
[Black "Zienert, Richard"]
[Result "0-1"]
[WhiteElo "2079"]
[BlackElo "2133"]
[PlyCount "58"]
[EventDate "2016.10.01"]
[EventType "team-swiss"]
[EventRounds "7"]
[EventCountry "GER"]
[SourceTitle "CBM 174 Extra"]
[Source "ChessBase"]
[SourceDate "2016.10.10"]
[SourceVersion "1"]
[SourceVersionDate "2016.10.10"]
[SourceQuality "1"]
[WhiteTeam "Hamburg"]
[BlackTeam "Sachsen"]
[WhiteTeamCountry "GER"]
[BlackTeamCountry "GER"]

1. e4 c5 2. d4 cxd4 3. c3 Nf6 4. e5 Nd5 5. Nf3 e6 6. cxd4 Nc6 7. Bd3 d6 8. 0-0 Ndb4 9. Bb5 a6 10. Ba4 dxe5 11. a3 b5 12. axb4 bxa4 13. dxe5 Qxd1 14. Rxd1 Nxb4 15. Nc3 Bb7 16. Nd4 Be7 17. Nxa4 Nd5 18. Bd2 0-0 19. Nb3 Bc6 20. Na5 Bb5 21. Nc3 Nxc3 22. Bxc3 Rfd8 23. Nb7 Rxd1+ 24. Rxd1 Bc6 25. Nd6 Bd5 26. Ba5 Rb8 27. b4 f6 28. f4 fxe5 29. fxe5 Bg5 0-1

[Event "GER-chT Lands U20"]
[Site "Hannover"]
[Date "2016.10.01"]
[Round "1.2"]
[White "Schmekel, Florian"]
[Black "Zienert, Richard"]
[Result "0-1"]
[WhiteElo "1969"]
[BlackElo "2133"]
[PlyCount "42"]
[EventDate "2016.10.01"]
[EventType "team-swiss"]
[EventRounds "7"]
[EventCountry "GER"]
[SourceTitle "CBM 174 Extra"]
[Source "ChessBase"]
[SourceDate "2016.10.10"]
[SourceVersion "1"]
[SourceVersionDate "2016.10.10"]
[SourceQuality "1"]
[WhiteTeam "Mecklenburg Vorpommern"]
[BlackTeam "Sachsen"]
[WhiteTeamCountry "GER"]
[BlackTeamCountry "GER"]

1. d4 Nf6 2. c4 e6 3. Nc3 Bb4 4. e3 b6 5. Bd3 Bb7 6. Nf3 0-0 7. 0-0 d5 8. cxd5 exd5 9. Ne2 Bd6 10. Ng3 g6 11. b3 Nbd7 12. Bb2 Qe7 13. Rc1 Ne4 14. Nd2 f5 15. Re1 Ndf6 16. Ndf1 Rae8 17. Ne2 Nxf2 18. Kxf2 Ng4+ 19. Kg1 Bxh2+ 20. Kh1 Qh4 21. g3 Qh3 0-1

[Event "Lueneburg op-A"]
[Site "Lueneburg"]
[Date "2016.07.05"]
[Round "6"]
[White "Zienert, Richard"]
[Black "Gutman, Lev"]
[Result "0-1"]
[WhiteElo "2184"]
[BlackElo "2428"]
[PlyCount "66"]
[EventDate "2016.07.01"]
[EventType "swiss"]
[EventRounds "9"]
[EventCountry "GER"]
[SourceTitle "CBM 173 Extra"]
[Source "ChessBase"]
[SourceDate "2016.08.29"]
[SourceVersion "1"]
[SourceVersionDate "2016.08.29"]
[SourceQuality "1"]

1. e4 c5 2. Nf3 Nc6 3. d4 cxd4 4. Nxd4 Nf6 5. Nc3 d6 6. Bg5 Qb6 7. Be3 a6 8. Nb3 Qc7 9. f3 e6 10. Qd2 b5 11. 0-0-0 Be7 12. g4 Ne5 13. g5 Nfd7 14. f4 Nc4 15. Bxc4 bxc4 16. Nd4 Rb8 17. Qe2 Qb7 18. Qxc4 Qxb2+ 19. Kd2 d5 20. exd5 Nb6 21. Qb3 exd5 22. Qxb2 Nc4+ 23. Ke1 Nxb2 24. Rb1 Bb4 25. Bd2 Nc4 26. Ndb5 Rxb5 27. Nxb5 Bxd2+ 28. Ke2 axb5 29. Rxb5 0-0 30. Kf3 Bd7 31. Rc5 Bb4 32. Rc7 Bf5 33. Rd1 Bg4+ 0-1

[Event "Lueneburg op-A"]
[Site "Lueneburg"]
[Date "2016.07.04"]
[Round "5"]
[White "Ewert, Hannes"]
[Black "Zienert, Richard"]
[Result "0-1"]
[WhiteElo "2113"]
[BlackElo "2184"]
[PlyCount "120"]
[EventDate "2016.07.01"]
[EventType "swiss"]
[EventRounds "9"]
[EventCountry "GER"]
[SourceTitle "CBM 173 Extra"]
[Source "ChessBase"]
[SourceDate "2016.08.29"]
[SourceVersion "1"]
[SourceVersionDate "2016.08.29"]
[SourceQuality "1"]

1. e4 Nf6 2. e5 Nd5 3. c4 Nb6 4. b3 g6 5. Bb2 Bg7 6. d4 d6 7. exd6 exd6 8. Nf3 0-0 9. Be2 c5 10. Qd2 Bg4 11. 0-0 Nc6 12. dxc5 Bxb2 13. Qxb2 dxc5 14. h3 Bxf3 15. Bxf3 Nd4 16. Bxb7 Rb8 17. Bd5 Nxd5 18. cxd5 Qxd5 19. Nc3 Qg5 20. Qc1 Qf5 21. Kh1 Rfe8 22. Rb1 Ne2 23. Nxe2 Rxe2 24. Rb2 Rxb2 25. Qxb2 c4 26. Qd4 cxb3 27. Qxa7 Qb5 28. Rb1 b2 29. a4 Qe5 30. Qe3 Qf5 31. Qe1 Qc2 32. Kh2 h5 33. a5 Ra8 34. a6 Kh7 35. Qe7 Qxb1 36. Qxf7+ Kh6 37. Qf4+ g5 38. Qf6+ Qg6 39. Qxb2 Qxa6 40. h4 Qd6+ 41. g3 Rf8 42. hxg5+ Kh7 43. Qb7+ Kg8 44. Qb3+ Rf7 45. f4 Qd2+ 46. Kh3 Qe1 47. Qd5 Qb1 48. Kh4 Qf5 49. Qxf5 Rxf5 50. Kxh5 Kg7 51. Kg4 Kg6 52. Kf3 Ra5 53. g4 Ra3+ 54. Kg2 Kf7 55. f5 Ke7 56. Kf2 Kd6 57. Kg2 Ke5 58. g6 Kf6 59. Kf2 Kg5 60. Kg2 Ra4 0-1

[Event "Erfurt op 25th"]
[Site "Erfurt"]
[Date "2015.12.27"]
[Round "3"]
[White "Zienert, Richard"]
[Black "Becker, Matthias1111"]
[Result "0-1"]
[WhiteElo "2116"]
[BlackElo "2236"]
[PlyCount "80"]
[EventDate "2015.12.26"]
[EventType "swiss"]
[EventRounds "8"]
[EventCountry "GER"]
[SourceTitle "EXT 2017"]
[Source "ChessBase"]
[SourceDate "2016.10.25"]
[SourceVersion "1"]
[SourceVersionDate "2016.10.25"]
[SourceQuality "1"]

1. e4 d6 2. d4 Nf6 3. Nc3 e5 4. Nf3 Nbd7 5. Bc4 Be7 6. 0-0 0-0 7. Bg5 c6 8. Bb3 exd4 9. Qxd4 Nc5 10. Rad1 Ne6 11. Bxe6 Bxe6 12. e5 dxe5 13. Qxe5 Qb8 14. Qxb8 Raxb8 15. Nd4 Bg4 16. Rd3 h6 17. Bf4 Rbd8 18. h3 Bc8 19. Bc7 Rd7 20. Be5 Bd8 21. Rf3 Re8 22. Bxf6 Bxf6 23. Nf5 Kh7 24. Ng3 Be5 25. Re1 f6 26. Rfe3 Red8 27. Nge4 b6 28. g3 Kg6 29. Ne2 Bxb2 30. Nf4+ Kf7 31. c3 f5 32. Ne6 Kxe6 33. Nc5+ Kf7 34. Nxd7 Rxd7 35. R1e2 Ba3 36. Re8 Ba6 37. Re1 Bc5 38. R8e5 g6 39. g4 Rd2 40. Kh2 Bd6 0-1

[Event "GER-ch U14"]
[Site "Willingen"]
[Date "2015.05.30"]
[Round "9"]
[White "Martin, Julian"]
[Black "Zienert, Richard"]
[Result "1-0"]
[WhiteElo "2200"]
[BlackElo "2010"]
[PlyCount "103"]
[EventDate "2015.05.24"]
[EventType "swiss"]
[EventRounds "9"]
[EventCountry "GER"]
[SourceTitle "CBM 166 Extra"]
[Source "ChessBase"]
[SourceDate "2015.06.18"]
[SourceVersion "1"]
[SourceVersionDate "2015.06.18"]
[SourceQuality "1"]

1. e4 d5 2. exd5 Qxd5 3. Nc3 Qa5 4. d4 Nf6 5. Bc4 c6 6. Nf3 Bf5 7. Bd2 e6 8. h3 Bb4 9. a3 Bxc3 10. Bxc3 Qc7 11. Ne5 Nbd7 12. g4 Be4 13. f3 Bd5 14. Be2 Nxe5 15. dxe5 Nd7 16. Qd4 c5 17. Qe3 0-0-0 18. 0-0-0 h5 19. Rhg1 g6 20. f4 hxg4 21. hxg4 Rh2 22. Be1 Qc6 23. Bg3 Rxe2 24. Qxe2 Bf3 25. Qd3 Bxd1 26. Rxd1 Rh8 27. f5 gxf5 28. gxf5 Rh1 29. Be1 Rh5 30. fxe6 Qxe6 31. Bc3 Rf5 32. Qh3 Rf2 33. Qh8+ Kc7 34. Be1 Re2 35. Qh5 Qc4 36. Qf5 Qe6 37. Qd3 Rg2 38. Bg3 c4 39. Qf3 Rxg3 40. Qxg3 Nxe5 41. Kb1 f6 42. Rf1 a6 43. a4 Kb8 44. Qh2 Ka7 45. Qh4 Qd6 46. Rxf6 Qd1+ 47. Ka2 Qd2 48. Qe4 Qa5 49. Qd4+ b6 50. Re6 Qxa4+ 51. Kb1 Nd7 52. Re7 1-0

[Event "GER-ch U14"]
[Site "Willingen"]
[Date "2015.05.29"]
[Round "8"]
[White "Zienert, Richard"]
[Black "Riess, Alexander"]
[Result "1/2-1/2"]
[WhiteElo "2010"]
[BlackElo "2105"]
[PlyCount "75"]
[EventDate "2015.05.24"]
[EventType "swiss"]
[EventRounds "9"]
[EventCountry "GER"]
[SourceTitle "CBM 166 Extra"]
[Source "ChessBase"]
[SourceDate "2015.06.18"]
[SourceVersion "1"]
[SourceVersionDate "2015.06.18"]
[SourceQuality "1"]

1. e4 e6 2. d4 d5 3. Nd2 Nf6 4. e5 Nfd7 5. Bd3 c5 6. c3 Nc6 7. Ne2 cxd4 8. cxd4 f6 9. exf6 Nxf6 10. Nf3 Bd6 11. 0-0 Qc7 12. g3 0-0 13. Bf4 Ng4 14. Rc1 Bxf4 15. Nxf4 Rxf4 16. gxf4 Qxf4 17. Be2 Nf6 18. Qd3 e5 19. Qe3 Qg4+ 20. Kh1 exd4 21. Qg5 d3 22. Bd1 Qxg5 23. Nxg5 h6 24. Nf3 Bh3 25. Re1 Ne4 26. Bb3 Nxf2+ 27. Kg1 d2 28. Nxd2 Nd3 29. Rc3 Nxe1 30. Rxh3 Nd4 31. Bxd5+ Kh8 32. Re3 Rd8 33. Bxb7 Nec2 34. Re5 g5 35. Nf3 Rb8 36. Nxd4 Nxd4 37. Re7 Ne2+ 38. Rxe2 1/2-1/2

[Event "GER-ch U14"]
[Site "Willingen"]
[Date "2015.05.26"]
[Round "5"]
[White "Wong, Gengchun"]
[Black "Zienert, Richard"]
[Result "1/2-1/2"]
[WhiteElo "1899"]
[BlackElo "2010"]
[PlyCount "44"]
[EventDate "2015.05.24"]
[EventType "swiss"]
[EventRounds "9"]
[EventCountry "GER"]
[SourceTitle "CBM 166 Extra"]
[Source "ChessBase"]
[SourceDate "2015.06.18"]
[SourceVersion "1"]
[SourceVersionDate "2015.06.18"]
[SourceQuality "1"]

1. e4 d5 2. exd5 Qxd5 3. Nc3 Qd6 4. d4 c6 5. Nf3 Bg4 6. Bc4 e6 7. Be3 Nf6 8. h3 Bh5 9. g4 Bg6 10. Ne5 Nbd7 11. f4 0-0-0 12. Qe2 Qc7 13. 0-0-0 Bb4 14. Nb1 Nb6 15. Bb3 Nfd5 16. a3 Bd6 17. Bd2 Bxe5 18. dxe5 h5 19. Rhf1 hxg4 20. hxg4 c5 21. Bxd5 Nxd5 22. Nc3 Nxc3 1/2-1/2

[Event "GER-ch U14"]
[Site "Willingen"]
[Date "2015.05.26"]
[Round "4"]
[White "Zienert, Richard"]
[Black "Wierzbicki, Jirawat"]
[Result "1-0"]
[WhiteElo "2010"]
[BlackElo "1910"]
[PlyCount "91"]
[EventDate "2015.05.24"]
[EventType "swiss"]
[EventRounds "9"]
[EventCountry "GER"]
[SourceTitle "CBM 166 Extra"]
[Source "ChessBase"]
[SourceDate "2015.06.18"]
[SourceVersion "1"]
[SourceVersionDate "2015.06.18"]
[SourceQuality "1"]

1. e4 e5 2. Nf3 Nc6 3. Bb5 a6 4. Bxc6 dxc6 5. 0-0 Bg4 6. h3 Bh5 7. g4 Bg6 8. Nxe5 Qh4 9. Qf3 f6 10. Nxg6 hxg6 11. Kg2 Bd6 12. d3 Ne7 13. Nd2 g5 14. Nc4 Ng6 15. Nxd6+ cxd6 16. Qg3 Qh7 17. f4 gxf4 18. Bxf4 0-0-0 19. c4 Ne5 20. Rac1 c5 21. b4 b6 22. bxc5 dxc5 23. Bxe5 fxe5 24. Rf5 Qh6 25. Rd1 Rde8 26. Rdf1 Qd2+ 27. R1f2 Qc3 28. g5 Rd8 29. Qxe5 Qxe5 30. Rxe5 Rxd3 31. Rf7 Rdxh3 32. Re6 Rc3 33. Rc6+ Kd8 34. Rxb6 Kc8 35. Rxa6 Kb8 36. Rb6+ Ka8 37. Rf3 Rc2+ 38. Kg3 Rxa2 39. Rb5 Re8 40. Re3 Rc8 41. e5 Ra6 42. e6 Re8 43. Reb3 Ra4 44. Rb8+ Rxb8 45. Rxb8+ Kxb8 46. e7 1-0

[Event "GER-ch U14"]
[Site "Willingen"]
[Date "2015.05.25"]
[Round "3"]
[White "Fieberg, Samuel"]
[Black "Zienert, Richard"]
[Result "1-0"]
[WhiteElo "2133"]
[BlackElo "2010"]
[PlyCount "143"]
[EventDate "2015.05.24"]
[EventType "swiss"]
[EventRounds "9"]
[EventCountry "GER"]
[SourceTitle "CBM 166 Extra"]
[Source "ChessBase"]
[SourceDate "2015.06.18"]
[SourceVersion "1"]
[SourceVersionDate "2015.06.18"]
[SourceQuality "1"]

1. e4 c6 2. d4 d5 3. e5 Bf5 4. Nf3 e6 5. Be2 Ne7 6. Nbd2 Nd7 7. 0-0 c5 8. c4 Nc6 9. Nb3 dxc4 10. Bxc4 Bg4 11. Be2 Be7 12. h3 Bh5 13. Bf4 0-0 14. Rc1 cxd4 15. Nfxd4 Bxe2 16. Qxe2 Nxd4 17. Nxd4 Nb6 18. Rfd1 Nd5 19. Bd2 Qd7 20. Qg4 Rfc8 21. Bh6 Bf8 22. Rxc8 Rxc8 23. Rd3 g6 24. Bxf8 Kxf8 25. Ne2 Qc7 26. Nc3 Nxc3 27. Rxc3 Qd7 28. Rxc8+ Qxc8 29. Qd4 b6 30. a4 Qc6 31. b3 Qd5 32. Qc3 a5 33. Qe3 b5 34. axb5 Qxb5 35. Kh2 Qd5 36. g4 Kg7 37. Kg3 h6 38. h4 Qd1 39. f3 Qd5 40. h5 g5 41. Kf2 Qc6 42. Kg3 Qd5 43. Qc3 Qb5 44. Kf2 Qb6+ 45. Ke1 Qd8 46. Ke2 Qd5 47. Ke3 Qb5 48. Kd2 a4 49. b4 Qd5+ 50. Kc2 Qa2+ 51. Qb2 Qc4+ 52. Kb1 Qd3+ 53. Ka2 Qd5+ 54. Ka1 Qxf3 55. b5 a3 56. Qb4 Qe3 57. b6 Qxe5+ 58. Ka2 Qd5+ 59. Kxa3 Qa8+ 60. Kb3 Qd5+ 61. Ka4 Qa8+ 62. Qa5 Qe4+ 63. Qb4 Qa8+ 64. Kb3 Qd5+ 65. Qc4 Qd1+ 66. Kb4 Qb1+ 67. Kc5 e5 68. Kc6 e4 69. b7 e3 70. Kc7 e2 71. Qxe2 Qc1+ 72. Kd7 1-0

[Event "Bayern-chI Bank Hofmann 18th"]
[Site "Bad Wiessee"]
[Date "2014.10.31"]
[Round "8"]
[White "Schnepp, Gunnar"]
[Black "Zienert, Richard"]
[Result "1-0"]
[WhiteElo "2298"]
[BlackElo "1996"]
[PlyCount "55"]
[EventDate "2014.10.25"]
[EventType "swiss"]
[EventRounds "9"]
[EventCountry "GER"]
[SourceTitle "EXT 2015"]
[Source "ChessBase"]
[SourceDate "2014.11.20"]
[SourceVersion "1"]
[SourceVersionDate "2014.11.20"]
[SourceQuality "1"]

1. e4 Nf6 2. e5 Nd5 3. d4 d6 4. exd6 exd6 5. c4 Nb6 6. Bd3 Nc6 7. Ne2 Be7 8. Bd2 Bf6 9. Bc3 0-0 10. 0-0 d5 11. c5 Nd7 12. Qa4 Re8 13. b4 Rxe2 14. Bxe2 Nxd4 15. Bg4 Ne5 16. Bxc8 Ne2+ 17. Kh1 Rxc8 18. Qd1 Nxc3 19. Nxc3 Nc6 20. Qb3 Bxc3 21. Qxc3 d4 22. Qc4 Ne5 23. Qe2 Qd5 24. Rfe1 f6 25. f4 d3 26. Qe4 Qxe4 27. Rxe4 Ng4 28. Rd4 1-0

[Event "GER-chT Lands U20"]
[Site "Hannover"]
[Date "2014.10.07"]
[Round "7.4"]
[White "Zienert, Richard"]
[Black "Helmer, Jan"]
[Result "1-0"]
[WhiteElo "1996"]
[BlackElo "1651"]
[PlyCount "69"]
[EventDate "2014.10.03"]
[EventType "team-swiss"]
[EventRounds "7"]
[EventCountry "GER"]
[SourceTitle "CBM 162 Extra"]
[Source "ChessBase"]
[SourceDate "2014.10.17"]
[SourceVersion "1"]
[SourceVersionDate "2014.10.17"]
[SourceQuality "1"]
[WhiteTeam "Sachsen"]
[BlackTeam "Team Nord"]
[WhiteTeamCountry "GER"]
[BlackTeamCountry "GER"]

1. e4 e6 2. d4 d5 3. Nc3 Bb4 4. e5 c5 5. Bd2 Qc7 6. Nb5 Qd7 7. Bxb4 cxb4 8. Nd6+ Kf8 9. Nf3 b6 10. Bd3 Ba6 11. Ng5 Nh6 12. Nxh7+ Kg8 13. Ng5 Bxd3 14. Qxd3 a6 15. 0-0 Nc6 16. f4 Ne7 17. h3 Nc8 18. Nxc8 Qxc8 19. g4 g6 20. a3 Qf8 21. axb4 Qxb4 22. c3 Qc4 23. Qg3 b5 24. f5 exf5 25. gxf5 Kg7 26. fxg6 fxg6 27. Ne6+ Kh7 28. Rf6 Rhg8 29. Raf1 Nf5 30. Ng5+ Kh8 31. R1xf5 Qe2 32. Nf7+ Kh7 33. Qh4+ Qh5 34. Rxh5+ gxh5+ 35. Ng5+ 1-0

[Event "GER-chT Lands U20"]
[Site "Hannover"]
[Date "2014.10.06"]
[Round "6.4"]
[White "Kololli, Martin"]
[Black "Zienert, Richard"]
[Result "1-0"]
[WhiteElo "2182"]
[BlackElo "1996"]
[PlyCount "85"]
[EventDate "2014.10.03"]
[EventType "team-swiss"]
[EventRounds "7"]
[EventCountry "GER"]
[SourceTitle "CBM 162 Extra"]
[Source "ChessBase"]
[SourceDate "2014.10.17"]
[SourceVersion "1"]
[SourceVersionDate "2014.10.17"]
[SourceQuality "1"]
[WhiteTeam "Schleswig Holstein"]
[BlackTeam "Sachsen"]
[WhiteTeamCountry "GER"]
[BlackTeamCountry "GER"]

1. e4 c5 2. c3 e6 3. d4 d5 4. Nd2 cxd4 5. cxd4 dxe4 6. Nxe4 Bb4+ 7. Nc3 Nc6 8. Nf3 Nf6 9. Bd3 0-0 10. 0-0 b6 11. Ne4 Be7 12. Nxf6+ Bxf6 13. Bxh7+ Kxh7 14. Qc2+ Kg8 15. Qxc6 Ba6 16. Re1 Rc8 17. Qe4 Bc4 18. Qg4 Bd5 19. Ne5 Rc2 20. Bh6 Kh7 21. Qh3 Rc8 22. Bg5+ Kg8 23. Bxf6 Qxf6 24. Nd7 Qxd4 25. Nxf8 Rxf8 26. b3 a5 27. Qe3 Qb4 28. Red1 Qg4 29. f3 Qb4 30. Rd4 Qa3 31. Qc1 Qe7 32. Qc3 Qa7 33. Rc1 b5 34. Qc5 Qa6 35. Rh4 Qa8 36. Qxb5 Rc8 37. Rxc8+ Qxc8 38. h3 Qc1+ 39. Qf1 Qe3+ 40. Qf2 Qc1+ 41. Kh2 Qc7+ 42. Qg3 Qb6 43. Rg4 1-0

[Event "Dresden ZMD op-B 23rd"]
[Site "Dresden"]
[Date "2014.08.20"]
[Round "6"]
[White "Zienert, Richard"]
[Black "Lang, Ferdinand"]
[Result "1-0"]
[WhiteElo "1868"]
[BlackElo "2093"]
[PlyCount "61"]
[EventDate "2014.08.15"]
[EventType "swiss"]
[EventRounds "9"]
[EventCountry "GER"]
[SourceTitle "EXT 2024"]
[Source "ChessBase"]
[SourceDate "2023.10.10"]
[SourceVersion "1"]
[SourceVersionDate "2023.10.10"]
[SourceQuality "1"]

1. e4 e5 2. Nf3 Nc6 3. Bb5 a6 4. Ba4 Nf6 5. 0-0 Be7 6. Re1 b5 7. Bb3 0-0 8. d3 d6 9. c3 Na5 10. Bc2 c5 11. Nbd2 Re8 12. Nf1 Qc7 13. Bg5 Nh5 14. a4 c4 15. axb5 axb5 16. dxc4 bxc4 17. Ba4 Rd8 18. Nxe5 dxe5 19. Qxh5 f6 20. Be3 Qb7 21. Ng3 Qxb2 22. Bc6 Nxc6 23. Rxa8 Qxc3 24. Rc1 Qb3 25. Nf5 Ba3 26. Bb6 g6 27. Qe2 Qxb6 28. Qxc4+ Kh8 29. Rxa3 gxf5 30. Qf7 Nb8 31. Rh3 1-0

[Event "Dresden ZMD op-B 23rd"]
[Site "Dresden"]
[Date "2014.08.16"]
[Round "2"]
[White "Zienert, Richard"]
[Black "Weisspflog, Janek"]
[Result "0-1"]
[WhiteElo "1868"]
[BlackElo "2044"]
[PlyCount "62"]
[EventDate "2014.08.15"]
[EventType "swiss"]
[EventRounds "9"]
[EventCountry "GER"]
[SourceTitle "EXT 2024"]
[Source "ChessBase"]
[SourceDate "2023.10.10"]
[SourceVersion "1"]
[SourceVersionDate "2023.10.10"]
[SourceQuality "1"]

1. e4 c5 2. Nf3 e6 3. d4 cxd4 4. Nxd4 Nc6 5. Nc3 Qc7 6. Ndb5 Qb8 7. Be3 a6 8. Bb6 axb5 9. Nxb5 Ra5 10. Nc7+ Ke7 11. Bb5 Rxb5 12. Nxb5 Qe5 13. Qd3 f5 14. 0-0-0 fxe4 15. Qb3 Kf7 16. f3 Nf6 17. Rhf1 exf3 18. Rxf3 Qg5+ 19. Kb1 d5 20. c4 Ne5 21. Rxf6+ gxf6 22. cxd5 Qxg2 23. Qc3 Qe4+ 24. Ka1 Qc4 25. Qa5 exd5 26. Nc7 Be6 27. b3 Qc2 28. Rf1 Bg7 29. Rg1 Bh6 30. Nb5 Rg8 31. Rf1 Bd2 0-1

[Event "GER-ch U12"]
[Site "Oberhof"]
[Date "2013.05.24"]
[Round "9"]
[White "Zienert, Richard"]
[Black "Reinecke, Katharina"]
[Result "1-0"]
[WhiteElo "1846"]
[BlackElo "1608"]
[PlyCount "30"]
[EventDate "2013.05.19"]
[EventType "swiss"]
[EventRounds "11"]
[EventCountry "GER"]
[SourceTitle "CBM 154 Extra"]
[Source "ChessBase"]
[SourceDate "2013.06.25"]
[SourceVersion "2"]
[SourceVersionDate "2013.06.25"]
[SourceQuality "1"]

1. e4 c6 2. d4 d5 3. e5 Bf5 4. Nf3 e6 5. Be2 c5 6. 0-0 Qb6 7. Nc3 a6 8. dxc5 Qxc5 9. Nd4 Ne7 10. h4 Nec6 11. Be3 Nxd4 12. Bxd4 Qb4 13. a3 Qxb2 14. Ne4 Qxa1 15. Nd6+ Bxd6 1-0